Implicancias bioéticas del trasplante de órganos en la "ley Justina" (Registro nro. 32923)
[ vista simple ]
| 000 -LEADER | |
|---|---|
| fixed length control field | 00418 a2200121 4500 |
| 001 - CONTROL NUMBER | |
| control field | ART_49600 |
| 005 - DATE AND TIME OF LATEST TRANSACTION | |
| control field | 20260410162019.0 |
| 008 - FIXED-LENGTH DATA ELEMENTS--GENERAL INFORMATION | |
| fixed length control field | 260409a |
| 100 1# - MAIN ENTRY--PERSONAL NAME | |
| Personal name | Merlo, Leandro M. |
| 245 10 - TITLE STATEMENT | |
| Title | Implicancias bioéticas del trasplante de órganos en la "ley Justina" |
| 700 1# - ADDED ENTRY--PERSONAL NAME | |
| Personal name | Fasano, Lucía |
| 773 0# - HOST ITEM ENTRY | |
| Title | Temas de derecho de familia, sucesiones y bioética |
| Related parts | - Año 4, N° 9 (ago. 2019) |
| Record control number | REV41029 |
No hay ítems disponibles.